Obálka Náhled e-knihy:
PDF Epub
Pro půjčování e-knih musíte být přihlášeni.
Jak si půjčit online?

Zakázané doteky /

Willow se chce pomstít bývalému nevěrnému příteli, Henry si zase potřebuje napravit pověst sukničkáře. Uzavřou proto dohodu - budou předstírat zasnoubení... Erotický román.

Uloženo v:
Série:Zakázané doteky, část 1
Hlavní autor: Dake, Monica, 1991- (Autor)
Médium: E-kniha
Jazyk:Czech
Vydáno: V Praze : Baronet, 2024
Vydání:1. vydání
Témata:
Příbuzné jednotky:Z cyklu:: Zakázané doteky
Tagy:
Žádné tagy
LEADER 02474nam a2200445 i 4500
001 312562
003 CZ PrSKC
005 20260601215724.0
007 ta
008 241108s2024 xr e 000 f cze
015 |a cnb003640970 
020 |a 9788026924876  |q (brožováno) :  |c Kč 349,00 
035 |a (OCoLC)1483792348 
040 |a ABG001  |b cze  |e rda 
072 7 |a 821.162.3-3  |x Česká próza  |2 Konspekt 
080 |a 821.162.3-31  |2 MRF 
080 |a (0:82-993)  |2 MRF 
080 |a (0:82-31)-055.2  |2 MRF 
100 1 |a Dake, Monica,  |d 1991-  |7 xx0325441  |4 aut 
245 1 0 |a Zakázané doteky /  |c Monica Dake 
250 |a 1. vydání 
264 1 |a V Praze :  |b Baronet,  |c 2024 
300 |a 333 stran ;  |c 20 cm 
336 |a text  |b txt  |2 rdacontent 
337 |a bez média  |b n  |2 rdamedia 
338 |a svazek  |b nc  |2 rdacarrier 
520 2 |a Willow se chce pomstít bývalému nevěrnému příteli, Henry si zase potřebuje napravit pověst sukničkáře. Uzavřou proto dohodu - budou předstírat zasnoubení... Erotický román.  |b Poté co Willow podvedl přítel, touží po životním restartu. Rozhodně nestojí o románek s lamačem srdcí, ani kdyby to byl její sexy šéf se zhýralou pověstí. Když ale Henryho vyfotí paparazzi se zfetovanou dcerou senátora, jeho otci dojde trpělivost. Henry musí předstírat, že se zasnoubil. Potřebuje někoho s image hodné holky, která si po konci dohody půjde po svém. Willow by peníze potřebovala, ale ještě víc chce nevěrnému ex vytřít zrak. V jednom má ale jasno - mimo povolené zóny se jí Henry nesmí dotknout. Nakladatelská anotace. 
655 7 |a české romány  |7 fd133974  |2 czenas 
655 7 |a erotické romány  |7 fd132211  |2 czenas 
655 7 |a romány pro ženy  |7 fd187897  |2 czenas 
655 9 |a Czech fiction  |2 eczenas 
655 9 |a erotic novels  |2 eczenas 
655 9 |a women's novels  |2 eczenas 
787 0 8 |i Z cyklu:  |t Zakázané doteky  |g 1 
900 |a ABA001  |b 19 
928 9 |a Albatros Media - Baronet 
044 |a xr 
910 |a RBIT002 
998 |d 415410  |a https://core.palmknihy.cz/api/books/415410/cover?smlvgh  |b https://core.palmknihy.cz/api/books/415410/cover/400?smlvgh  |c https://core.palmknihy.cz/api/books/415410/cover/50?smlvgh  |e 2034-12-31  |g 336  |i 9788026924876  |j https://core.palmknihy.cz/api/books/415410/preview.epub  |k https://core.palmknihy.cz/api/books/415410/preview.pdf  |l   |q 49  |r 1  |s https://www.palmknihy.cz/kniha/415410  |t ebook  |y 2024  |z 0  |v Zakázané doteky  |w 1 
999 |d 312560